[Event "BCF-chT4 0607 (4NCL)"]
[Site "Sunningdale"]
[Date "2006.09.24"]
[Round "2.3"]
[White "Prescott, Adam P"]
[Black "Birtwistle, Nigel"]
[Result "1/2-1/2"]
[WhiteElo "1934"]
[BlackElo "2105"]
[PlyCount "56"]
[EventDate "2006.09.16"]
[EventType "team-tourn"]
[EventRounds "11"]
[EventCountry "ENG"]
[SourceTitle "CBM 115 Extra"]
[Source "ChessBase"]
[SourceDate "2007.01.10"]
[SourceVersion "1"]
[SourceVersionDate "2007.01.10"]
[SourceQuality "1"]
[WhiteTeam "W Collective"]
[BlackTeam "Pandoras Box"]
[WhiteTeamCountry "ENG"]
[BlackTeamCountry "ENG"]

1. e4 d5 2. exd5 Qxd5 3. d4 e5 4. dxe5 Qxd1+ 5. Kxd1 Nc6 6. Bb5 Bd7 7. Nf3 Nxe5 8. Bxd7+ Nxd7 9. Be3 0-0-0 10. Nbd2 h6 11. a3 Ngf6 12. h3 Nd5 13. Re1 Nxe3+ 14. Rxe3 Bc5 15. Re2 f5 16. b4 Bd6 17. Rb1 Nf6 18. Rb3 Rhe8 19. Rxe8 Rxe8 20. c4 Ne4 21. Nxe4 Rxe4 22. Nd2 Rd4 23. Ke2 Bf4 24. Rd3 Rxd3 25. Kxd3 Be5 26. Nf3 Bf6 27. Nd4 g6 28. Ne6 c6 1/2-1/2

[Event "BCF-chT4 0506 (4NCL)"]
[Site "West Bromwich"]
[Date "2005.11.05"]
[Round "1.1"]
[White "Calvert, David Ian"]
[Black "Prescott, Adam P"]
[Result "1/2-1/2"]
[WhiteElo "2075"]
[BlackElo "2060"]
[PlyCount "47"]
[EventDate "2005.11.05"]
[EventType "team-tourn"]
[EventRounds "11"]
[EventCountry "ENG"]
[SourceTitle "CBM 109 Extra"]
[Source "ChessBase"]
[SourceDate "2006.01.03"]
[SourceVersion "2"]
[SourceVersionDate "2006.01.03"]
[SourceQuality "1"]
[WhiteTeam "Metropolitan"]
[BlackTeam "Sussex Mindsports"]
[WhiteTeamCountry "ENG"]
[BlackTeamCountry "ENG"]

1. b3 d5 2. Bb2 Nd7 3. Nf3 Ngf6 4. c4 c6 5. g3 e6 6. Bg2 a6 7. 0-0 b5 8. d3 Qb6 9. Nbd2 bxc4 10. dxc4 Bc5 11. Qc2 0-0 12. Rac1 Be7 13. e4 h6 14. cxd5 cxd5 15. exd5 Nxd5 16. Nc4 Qd8 17. Nfe5 Bb7 18. Rfd1 N7f6 19. Qe2 Rc8 20. Ng4 Nxg4 21. Qxg4 Bf6 22. Qe2 Bxb2 23. Qxb2 Qe7 24. Qe2 1/2-1/2

[Event "BCF-chT4a 0405 (4NCL)"]
[Site "Telford"]
[Date "2005.04.17"]
[Round "8.1"]
[White "Prescott, Adam P"]
[Black "Stimpson, Philip M"]
[Result "1-0"]
[WhiteElo "1935"]
[BlackElo "2125"]
[PlyCount "133"]
[EventDate "2004.11.06"]
[EventType "team-tourn"]
[EventRounds "11"]
[EventCountry "ENG"]
[SourceTitle "EXT 2006"]
[Source "ChessBase"]
[SourceDate "2005.11.24"]
[SourceVersion "1"]
[SourceVersionDate "2005.11.24"]
[SourceQuality "1"]
[WhiteTeam "Sussex Mindsports"]
[BlackTeam "Guildford IV"]
[WhiteTeamCountry "ENG"]
[BlackTeamCountry "ENG"]

1. e4 d5 2. exd5 Nf6 3. Bb5+ Nbd7 4. Nf3 a6 5. Ba4 b5 6. Bb3 Nb6 7. h3 Nbxd5 8. a4 Bb7 9. d4 e6 10. 0-0 Be7 11. c3 0-0 12. Be3 c5 13. Nbd2 Ne4 14. Nxe4 Nxe3 15. fxe3 Bxe4 16. Qe2 c4 17. Bc2 Qd5 18. Bxe4 Qxe4 19. axb5 axb5 20. Rxa8 Rxa8 21. Ne5 Bg5 22. Re1 f6 23. Qf3 Qxf3 24. Nxf3 Bh6 25. Kf2 Ra2 26. Rb1 Kf7 27. Nd2 g6 28. Ne4 Ke7 29. Kf3 f5 30. Nc5 Bg7 31. g4 fxg4+ 32. hxg4 Ra8 33. b3 cxb3 34. Rxb3 Rb8 35. c4 e5 36. d5 Rf8+ 37. Kg3 bxc4 38. Rb7+ Kd6 39. Ne4+ Kxd5 40. Nc3+ Kc5 41. Rxg7 Kb4 42. Nd5+ Kb3 43. Rxh7 c3 44. Nxc3 Kxc3 45. Re7 Kd3 46. Rxe5 Rf6 47. Kh4 Rf1 48. Kg5 Rg1 49. Re8 Rg2 50. e4 Kd4 51. e5 Kd5 52. e6 Kd6 53. Kf6 Rf2+ 54. Kxg6 Re2 55. g5 Re1 56. Kg7 Re2 57. g6 Re1 58. Rf8 Ke7 59. Rf7+ Kxe6 60. Ra7 Rg1 61. Kh7 Rh1+ 62. Kg8 Rg1 63. g7 Rf1 64. Ra6+ Ke7 65. Rh6 Rg1 66. Kh8 Kf7 67. Rh7 1-0

[Event "BCF-chT4a 0405 (4NCL)"]
[Site "Telford"]
[Date "2005.02.27"]
[Round "6.1"]
[White "O'Toole, George E"]
[Black "Prescott, Adam P"]
[Result "1-0"]
[WhiteElo "1896"]
[BlackElo "1935"]
[PlyCount "195"]
[EventDate "2004.11.06"]
[EventType "team-tourn"]
[EventRounds "11"]
[EventCountry "ENG"]
[SourceTitle "EXT 2006"]
[Source "ChessBase"]
[SourceDate "2005.11.24"]
[SourceVersion "1"]
[SourceVersionDate "2005.11.24"]
[SourceQuality "1"]
[WhiteTeam "Richmond II"]
[BlackTeam "Sussex Mindsports"]
[WhiteTeamCountry "ENG"]
[BlackTeamCountry "ENG"]

1. e4 d6 2. d4 Nf6 3. Nc3 g6 4. Be3 c6 5. Qd2 b5 6. Bd3 Nbd7 7. f3 Bb7 8. Nge2 a6 9. 0-0 Qc7 10. Ng3 e6 11. Bh6 Qb6 12. Nce2 c5 13. c3 Be7 14. Kh1 Rg8 15. Be3 Qc7 16. a3 h5 17. Rfd1 Rh8 18. b4 c4 19. Bc2 Kf8 20. Ng1 Kg7 21. Nh3 Nf8 22. Nf2 N8d7 23. f4 Bc6 24. Bb1 Qb7 25. Qc2 h4 26. Ne2 Nh5 27. Kg1 Ndf6 28. f5 e5 29. fxg6 fxg6 30. d5 Be8 31. Kh1 Qd7 32. Ng1 Ng4 33. Qe2 Nxf2+ 34. Bxf2 Nf4 35. Qd2 g5 36. Be3 Bh5 37. Rf1 Raf8 38. Bc2 Bf6 39. Bxf4 gxf4 40. Bd1 Bg6 41. h3 Bh5 42. Nf3 Bg6 43. Bc2 Qb7 44. Qf2 Ra8 45. a4 Qe7 46. Ra2 bxa4 47. Rxa4 Be8 48. Ra5 Qa7 49. Qxa7+ Rxa7 50. Rfa1 Bb5 51. Ba4 Rb7 52. Bxb5 axb5 53. Ra7 Rhb8 54. Rxb7+ Rxb7 55. Ra6 Be7 56. Nd2 Kf7 57. Kg1 Ke8 58. Kf2 Kd7 59. Nb1 Bd8 60. Kf3 Bb6 61. Na3 Be3 62. Ra5 Bb6 63. Rxb5 Ra7 64. Nxc4 Bc7 65. Na5 Bxa5 66. Rxa5 Rc7 67. Ra3 Rc4 68. Rb3 Kc7 69. Kg4 Rxe4 70. Rb2 Kb6 71. Kxh4 Kb5 72. Kg5 Kc4 73. b5 Kxc3 74. Rb1 Kc2 75. Ra1 Rb4 76. Ra5 Kd3 77. h4 e4 78. Kxf4 e3+ 79. Kf3 Rb3 80. Ra2 Rxb5 81. Ra3+ Kd4 82. Rxe3 Rxd5 83. Re4+ Kd3 84. g4 Re5 85. Ra4 d5 86. h5 Re4 87. Ra3+ Kd4 88. h6 Re1 89. g5 Rf1+ 90. Kg2 Rf5 91. h7 Rxg5+ 92. Kh2 Rh5+ 93. Rh3 Rxh7 94. Rxh7 Kd3 95. Kg2 d4 96. Kf2 Kd2 97. Rd7 d3 98. Kf3 1-0

[Event "BCF-chT4a 0405 (4NCL)"]
[Site "Telford"]
[Date "2005.01.15"]
[Round "3.1"]
[White "Prescott, Adam P"]
[Black "Smith, Alan A"]
[Result "0-1"]
[WhiteElo "1935"]
[BlackElo "2272"]
[PlyCount "60"]
[EventDate "2004.11.06"]
[EventType "team-tourn"]
[EventRounds "11"]
[EventCountry "ENG"]
[SourceTitle "EXT 2006"]
[Source "ChessBase"]
[SourceDate "2005.11.24"]
[SourceVersion "1"]
[SourceVersionDate "2005.11.24"]
[SourceQuality "1"]
[WhiteTeam "Sussex Mindsports"]
[BlackTeam "Cheddleton"]
[WhiteTeamCountry "ENG"]
[BlackTeamCountry "ENG"]

1. e4 c5 2. Nc3 Nc6 3. g3 g6 4. Bg2 Bg7 5. d3 b6 6. Be3 Bb7 7. Qd2 d6 8. f4 Qd7 9. Nf3 Nf6 10. d4 cxd4 11. Nxd4 0-0 12. 0-0-0 Na5 13. Qe2 Rfc8 14. Nb3 Nc4 15. Bd4 Qc7 16. Qd3 e5 17. fxe5 dxe5 18. Bf2 Ng4 19. Rdf1 Rd8 20. Qf3 f5 21. Qe2 Nf6 22. Rd1 Nd6 23. Nd2 Rac8 24. Kb1 b5 25. Rc1 b4 26. Na4 Ndxe4 27. Nxe4 Bxe4 28. Bxe4 Nxe4 29. Be3 Qc6 30. b3 Qxa4 0-1